000 02177cac a2200229 a 4500
001 4147146
005 20200421093820.0
008 080128i19511982enk b 000 d eng d
040 _aStEdNL
100 1 _aShakespeare, William,
_d1564-1616.
240 1 0 _aWorks.
_f1951
245 1 4 _aThe Arden edition of the works of William Shakespeare.
_nSecond series /
_cgeneral editors, Harold F. Brooks and Harold Jenkins.
260 _aLondon :
_bMethuen,
_c1951-1982.
300 _a38 v. ;
_c23 cm.
490 1 _aArden Shakespeare
504 _aIncludes bibliographical references.
505 0 _aAll's well that ends well / ed. G.K. Hunter -- Antony and Cleopatra / ed. Peter Ure -- As you like it / ed. Agnes Latham -- The comedy of errors / ed. R.A. Foakes -- Coriolanus / ed. Philip Brockbank -- Cymbeline / ed. J.M. Nosworthy -- Hamlet / ed. Harold Jenkins -- Julius Caesar / ed. T.S. Dorsch -- King Henry IV, pts. 1 and 2 / ed. A.R. Humphreys -- King Henry V / ed. John H. Walter -- King Henry VI pts. 1, 2 and 3 / ed. Andrew S. Cairncross -- King Henry VIII / ed. R.A. Foakes -- King John / ed. E.A.J. Honigmann -- King Lear / ed. Kenneth Muir -- King Richard II / ed. Peter Ure -- King Richard III / ed. Antony Hammond -- Love's labour's lost / ed. Richard David -- Macbeth / ed. Kenneth Muir -- Measure for measure / ed. J.W. Lever -- The merchant of Venice / ed. John Russell Brown -- The merry wives of Windsor / ed. H.J. Oliver -- A midsummer night's dream / ed. Harold F. Brooks -- Much ado about nothing / ed. A.R. Humphreys -- Othello / ed. M.R. Ridley -- Pericles / ed. F.D. Hoeniger -- The poems / ed. F.T. Prince -- Romeo and Juliet / ed. Brian Gibbons -- The taming of the shrew / ed. Brian Morris -- The tempest / ed. F. Kermode -- Timon of Athens / ed. H.J. Oliver -- Titus Andronicus / ed. J.C. Maxwell -- Troilus and Cressida / ed. Kenneth Palmer -- Twelfth night / ed. J.M. Lothian and T.W. Craik -- The two gentlemen of Verona / ed. Clifford Leech -- The winter's tale / ed. J.H.P. Pafford.
700 1 _aBrooks, Harold Fletcher.
_9787
700 1 _aJenkins, Harold.
_9788
800 1 _aShakespeare, William,
_d1564-1616.
_tWorks.
_f1951.
_9789
942 _2ddc
_cBK
999 _c144
_d144